Normal view
MARC view
Entry Topical Term
001 - CONTROL NUMBER
- control field: 206
003 - CONTROL NUMBER IDENTIFIER
- control field: BD-RjUL
005 - DATE AND TIME OF LATEST TRANSACTION
- control field: 20211215155423.0
008 - FIXED-LENGTH DATA ELEMENTS
- fixed length control field: 211215|| aca||aabn | a|a d
040 ## - CATALOGING SOURCE
- Original cataloging agency: BD-RjUL
- Transcribing agency: BD-RjUL
150 ## - HEADING--TOPICAL TERM
- Topical term or geographic name entry element: ʻĪd al-Ghadīr in literature
670 ## - SOURCE DATA FOUND
- Source citation: Work cat.: (BD-RjUL)79005: الاميني، محمد هادي ;; Al-Amini, Muhammad Hadi 203, عيد الغدير في عهد الفاطميين;; eid alghadir fi eahd alfatimiiyn /, 1962[م] ١٣٨٢[هج].